书目信息 |
| 题名: |
建设工程工程量清单计价规范释义与解读
|
|
| 作者: | 严敏 编著 | |
| 分册: | ||
| 出版信息: | 武汉 中国建材工业出版社 2013.09 |
|
| 页数: | 224页 | |
| 开本: | 21cm | |
| 丛书名: | 建设工程工程量清单计价规范宣贯培训丛书 | |
| 单 册: | ||
| 中图分类: | TU723.3 | |
| 科图分类: | ||
| 主题词: | 建筑工程--施工组织 , 建筑工程--施工计划 | |
| 电子资源: | ||
| ISBN: | 978-7-5160-0536-1 | |
| 000 | 00809nam0 2200229 450 | |
| 001 | 1639877719 | |
| 005 | 20160429111054.06 | |
| 010 | @a978-7-5160-0536-1@dCNY41.00 | |
| 100 | @a20160429d2013 km y0chiy0120 ea | |
| 101 | 0 | @achi |
| 102 | @aCN@b420000 | |
| 200 | 1 | @a建设工程工程量清单计价规范释义与解读@Ajian she gong cheng gong cheng liang qing dan ji jia gui fan shi yi yu jie du@f严敏编著@Fyan min bian zhu |
| 210 | @a武汉@c中国建材工业出版社@d2013.09 | |
| 215 | @a224页@d21cm | |
| 225 | 2 | @a建设工程工程量清单计价规范宣贯培训丛书 |
| 410 | 0 | @12001 @a建设工程工程量清单计价规范宣贯培训丛书 |
| 606 | 0 | @a建筑工程@x施工组织 |
| 606 | 0 | @a建筑工程@x施工计划 |
| 690 | @aTU723.3@v4 | |
| 701 | 0 | @a严敏@Ayan min@4编著 |
| 801 | 0 | @aCN@b大连网信软件有限公司图书馆·11@c20160429 |
| 905 | @aZUCC@dTU723.3@eY0582 | |
| 建设工程工程量清单计价规范释义与解读/严敏编著.-武汉:中国建材工业出版社,2013.09 |
| 224页;21cm.-(建设工程工程量清单计价规范宣贯培训丛书) |
| ISBN 978-7-5160-0536-1:CNY41.00 |
| ● |
| 相关链接 |
|
|
|
正题名:建设工程工程量清单计价规范释义与解读
索取号:TU723.3/Y0582
 
预约/预借
| 序号 | 登录号 | 条形码 | 馆藏地/架位号 | 状态 | 备注 |
| 1 | 0819293 | 208192935 | 管理学院资料室/ [索取号:TU723.3/Y0582] | 在馆 |